PLL cause of deaths - Statistics

General Stats
  • This quiz has been taken 169 times
  • The average score is 2 of 15
Answer Stats
Hint Answer % Correct
Garrett Reynolds Shot
76%
Lyndon James Stabbed
47%
Ian Thomas Suicide
42%
Yvonne Phillips Car crash
30%
Miranda Collins Drowned
24%
Jessica DiLaurentis Poisoned
9%
Charlotte DiLaurentis Broken neck
7%
Shana Fring Head trauma
7%
Sara Harvey Head trauma
7%
Wren Kingston Hit with a pipe
1%
Bethany Young Hit with a shovel/buried alive
1%
Maya St Germain Broken windpipe
0%
Marion Cavanaugh Pushed from Radley Sanatarium roof
0%
Darren Wilden Shot multiple times
0%
Noel Kahn Tripped on an axe
0%
No matching quizzes found
Score Distribution
Percent of People with Each Score
Percentile by Number Answered
Your Score History
You have not taken this quiz